Statistiques concernant Les 100 prénoms féminins les plus donnés en 2004

Cliquez ici pour prendre le quiz!

Statistiques générales

  • Ce quiz a été pris 1 560 fois
  • Le résultat moyen est 55 sur 100

Statistiques - réponses

#1ère lettrePrénom% Correct
1LLéa
95%
27LLou
93%
2EEmma
92%
14JJulie
92%
10MMarie
89%
4CChloé
87%
28ZZoé
87%
54AAnna
85%
3MManon
85%
6CCamille
84%
5CClara
83%
22JJuliette
81%
31LLouise
81%
98LLou-Anne
79%
92SSara
79%
19PPauline
78%
7IInès
76%
11JJade
76%
15LLaura
75%
37EEmilie
74%
33JJeanne
73%
13LLucie
73%
18LLisa
72%
42AAlice
71%
29CCharlotte
69%
68JJulia
69%
9OOcéane
68%
38EElisa
67%
8SSarah
67%
45EElise
66%
17LLola
66%
16EEva
65%
26JJustine
65%
21RRomane
65%
20MMathilde
64%
35MMarine
63%
25NNoémie
61%
99OOlivia
61%
44CClémence
60%
24LLéna
60%
50MMarion
60%
67VValentine
60%
56AAmélie
58%
53LLina
58%
12AAnaïs
56%
36CCarla
56%
95LLise
56%
40AAlicia
55%
60NNina
55%
34LLilou
54%
76LLouane
53%
43MMargot
53%
47MMargaux
52%
75VVictoria
52%
23CCélia
51%
59LLouna
50%
39AAmbre
49%
88CClaire
48%
66FFanny
47%
46MMaëlys
47%
55AAgathe
45%
61EEloïse
45%
49MMaëlle
45%
90LLuna
44%
100EEléna
43%
62EElodie
43%
58EElsa
43%
30MMaëva
43%
48AAmandine
42%
41MMélissa
42%
70LLéane
40%
86MMélanie
40%
79SSofia
40%
65SSolène
40%
97CClémentine
39%
71LLana
39%
32MMorgane
39%
87CCloé
38%
74SSalomé
36%
82AAlexia
35%
83AAudrey
35%
73LLaurine
35%
80LLéonie
35%
69YYasmine
35%
78CCoralie
33%
51IIlona
33%
89CClarisse
32%
94CCapucine
31%
81CColine
31%
96EEstelle
31%
57CCassandra
30%
64AAnaëlle
29%
72AAxelle
29%
93MMélina
29%
52CCandice
28%
84AAndréa
27%
85EEmeline
26%
63FFlavie
26%
77LLoane
21%
91MMyriam
16%

Distribution des résultats

Percentile par nombre de réponses

% des personnes avec chaque résultat

Votre développement - résultats

Vous n’avez pas pris ce quiz